=LDR 00000nam 2200000 4500 =001 INLIS000000000015381 =005 20140705161756.0 =006 =007 =008 Ind =035 ##$$a 0010-061300000015381 =041 ##$$a Ind =082 ##$$a 745.54 =090 ##$$a 745.54, SOF-d =100 ##$$a Sofyan, Patsiana T =245 ##$$a Anyaman dari Kertas, Patsiana T Sofyan (Penerjemah) =260 ##$$a 1996 $b Jakarta =300 ##$$a 33 hlm, Ilus, 18 cm =650 ##$$a Anyaman Kertas =850 ##$$a NBPNMAT =990 ##$$a 21400613/BPAP-NTB/20142014